[Event "Titled Tuesday intern op 01st Apr Early"]
[Site "Chess.com INT"]
[Date "2025.04.01"]
[Round "6"]
[White "Mizinov, Igor"]
[Black "Newansa, M Esandi"]
[Result "0-1"]
[WhiteElo "2275"]
[BlackElo "1801"]
[PlyCount "46"]
[EventDate "2025.04.01"]
[EventType "swiss (blitz)"]
[EventRounds "11"]
[EventCountry "USA"]
[SourceTitle "CB15_2025"]
[SourceDate "2025.04.09"]
[SourceVersion "1"]
[SourceVersionDate "2025.04.09"]
[SourceQuality "1"]

1. e4 c6 2. d4 d5 3. e5 Bf5 4. h4 h5 5. Bd3 Bxd3 6. Qxd3 e6 7. Bg5 Qb6 8. Nd2 Nd7 9. c4 dxc4 10. Nxc4 Qa6 11. Ne2 Nb6 12. b3 Bb4+ 13. Bd2 Bxd2+ 14. Kxd2 Nxc4+ 15. bxc4 Ne7 16. Ng3 Ng6 17. Ne4 0-0 18. Rac1 Qxa2+ 19. Rc2 Qa5+ 20. Ke3 Rad8 21. Qe2 f5 22. exf6 gxf6 23. Qxh5 Qxh5 0-1

[Event "Titled Tuesday intern op 23rd Jul Early"]
[Site "Chess.com INT"]
[Date "2024.07.23"]
[Round "6"]
[White "Mizinov, Igor"]
[Black "Pahomov, Ruslan"]
[Result "1-0"]
[WhiteElo "2275"]
[BlackElo "2191"]
[PlyCount "69"]
[EventDate "2024.07.23"]
[EventType "swiss (blitz)"]
[EventRounds "11"]
[EventCountry "USA"]
[SourceTitle "EXT 2025"]
[Source "ChessBase"]
[SourceDate "2024.10.14"]
[SourceVersion "1"]
[SourceVersionDate "2024.10.14"]
[SourceQuality "1"]

1. d4 Nf6 2. c4 g6 3. Nf3 Bg7 4. Nc3 0-0 5. g3 d6 6. Bg2 Nc6 7. 0-0 e5 8. d5 Nb8 9. e4 a5 10. h3 Na6 11. Be3 Nd7 12. a3 f5 13. Ng5 Ndc5 14. b4 Nxe4 15. Ncxe4 fxe4 16. Rb1 h6 17. Ne6 Bxe6 18. dxe6 axb4 19. axb4 Qf6 20. Bxe4 c6 21. Qg4 Rae8 22. b5 Nb8 23. bxc6 bxc6 24. Rxb8 Rxb8 25. Bxc6 Qf5 26. Qe2 Qxh3 27. Bd5 Rfe8 28. Ra1 Rxe6 29. Bxe6+ Qxe6 30. Ra7 Rc8 31. Qd3 Rxc4 32. Ra6 Bf8 33. Bxh6 Bxh6 34. Rxd6 Rc1+ 35. Kh2 1-0

[Event "Titled Tuesday intern op 23rd Jul Early"]
[Site "Chess.com INT"]
[Date "2024.07.23"]
[Round "9"]
[White "Senft, Sean"]
[Black "Mizinov, Igor"]
[Result "0-1"]
[WhiteElo "2054"]
[BlackElo "2275"]
[PlyCount "34"]
[EventDate "2024.07.23"]
[EventType "swiss (blitz)"]
[EventRounds "11"]
[EventCountry "USA"]
[SourceTitle "EXT 2025"]
[Source "ChessBase"]
[SourceDate "2024.10.14"]
[SourceVersion "1"]
[SourceVersionDate "2024.10.14"]
[SourceQuality "1"]

1. d4 d5 2. c4 c6 3. Nc3 dxc4 4. e4 b5 5. a4 a6 6. axb5 cxb5 7. Nxb5 axb5 8. Rxa8 Bb7 9. Ra1 e6 10. f3 f5 11. exf5 Nc6 12. Be3 Nge7 13. fxe6 Nf5 14. Bf2 Bb4+ 15. Ke2 Qd5 16. g4 Qxe6+ 17. Be3 Qxe3# 0-1

[Event "Titled Tuesday intern op 19th Mar Late"]
[Site "Chess.com INT"]
[Date "2024.03.19"]
[Round "3"]
[White "Mizinov, Igor"]
[Black "Jaskolka, Tomasz"]
[Result "1/2-1/2"]
[WhiteElo "2275"]
[BlackElo "2241"]
[PlyCount "140"]
[EventDate "2024.03.19"]
[EventType "swiss (blitz)"]
[EventRounds "11"]
[EventCountry "USA"]
[SourceTitle "EXT 2025"]
[Source "ChessBase"]
[SourceDate "2024.10.14"]
[SourceVersion "1"]
[SourceVersionDate "2024.10.14"]
[SourceQuality "1"]

1. d4 e6 2. c4 f5 3. g3 Nf6 4. Bg2 Be7 5. Nf3 0-0 6. 0-0 d6 7. Nc3 Qe8 8. Re1 Qg6 9. Qb3 Ne4 10. Nd2 Nxc3 11. Qxc3 Bf6 12. e4 e5 13. exf5 Qxf5 14. d5 e4 15. Qe3 Bg5 16. Qe2 e3 17. fxe3 Nd7 18. Nf3 Ne5 19. Nd4 Qg6 20. Ne6 Bxe6 21. dxe6 c6 22. Bd2 Qxe6 23. b3 Rae8 24. Rf1 Ng4 25. Rxf8+ Rxf8 26. Rf1 Bxe3+ 27. Kh1 Rxf1+ 28. Bxf1 Qe4+ 29. Bg2 Qb1+ 30. Bf1 Qe4+ 31. Bg2 Qd4 32. Bf3 Nf2+ 33. Kg2 Qxd2 34. Qxd2 Bxd2 35. Kxf2 Kf7 36. Bg4 Kf6 37. Bc8 b6 38. Bb7 c5 39. Ke2 Bc3 40. Kd3 Bd4 41. Be4 h6 42. h3 Bf2 43. g4 Ke5 44. g5 hxg5 45. Bf3 Kf4 46. Bg4 Ke5 47. Bd7 d5 48. Bg4 Bd4 49. a4 dxc4+ 50. Kxc4 Ke4 51. Bc8 Ke3 52. Bg4 Kd2 53. Bc8 Kc2 54. Bg4 Kb2 55. Bf5 a6 56. Be6 g6 57. Bf7 Ka3 58. Bxg6 b5+ 59. axb5 axb5+ 60. Kxb5 Kxb3 61. Bh5 Kc3 62. Bf7 Kd3 63. Bc4+ Ke3 64. Be6 Kf4 65. Kc4 Ke5 66. Bg4 Kf4 67. Bc8 Ke5 68. Bg4 Kf4 69. Bc8 Kg3 70. Bg4 Kf4 1/2-1/2

[Event "Uljanovsk op"]
[Site "Uljanovsk"]
[Date "2010.02.13"]
[Round "8"]
[White "Mizinov, Igor"]
[Black "Kashicin, Alexander"]
[Result "1-0"]
[WhiteElo "2318"]
[BlackElo "1916"]
[PlyCount "63"]
[EventDate "2010.02.06"]
[EventType "swiss"]
[EventRounds "9"]
[EventCountry "RUS"]
[SourceTitle "CBM 134 Extra"]
[Source "ChessBase"]
[SourceDate "2010.03.03"]
[SourceVersion "1"]
[SourceVersionDate "2010.03.03"]
[SourceQuality "1"]

1. c4 c6 2. Nc3 Nf6 3. g3 d5 4. Bg2 e6 5. d4 Nbd7 6. Nf3 Be7 7. 0-0 0-0 8. Qc2 a6 9. e4 dxe4 10. Nxe4 Nxe4 11. Qxe4 Nf6 12. Qc2 Qc7 13. Bf4 Bd6 14. Be5 Nd7 15. Rfe1 Nxe5 16. dxe5 Be7 17. Nd2 c5 18. Qe4 Rb8 19. Bf1 Bd7 20. Bd3 g6 21. Qf4 Kg7 22. g4 Qd8 23. Qe3 Bc6 24. Be4 Bd7 25. Rad1 Qc7 26. Qg3 h6 27. f4 Bc6 28. f5 Bd8 29. Bxc6 Qxc6 30. Ne4 Bc7 31. f6+ Kh7 32. Ng5+ 1-0

[Event "Uljanovsk op"]
[Site "Uljanovsk"]
[Date "2010.02.07"]
[Round "2"]
[White "Mizinov, Igor"]
[Black "Yarullina, Alina"]
[Result "1/2-1/2"]
[WhiteElo "2318"]
[BlackElo "2058"]
[PlyCount "77"]
[EventDate "2010.02.06"]
[EventType "swiss"]
[EventRounds "9"]
[EventCountry "RUS"]
[SourceTitle "CBM 134 Extra"]
[Source "ChessBase"]
[SourceDate "2010.03.03"]
[SourceVersion "1"]
[SourceVersionDate "2010.03.03"]
[SourceQuality "1"]

1. d4 Nf6 2. c4 g6 3. g3 Bg7 4. Bg2 d6 5. Nf3 0-0 6. Nc3 c6 7. 0-0 Qa5 8. e4 Bg4 9. h3 Bxf3 10. Bxf3 e5 11. Be3 Nbd7 12. Qb3 exd4 13. Bxd4 Nc5 14. Qc2 Ne6 15. Be3 Rfd8 16. a3 c5 17. Ne2 Ne8 18. Bd2 Qa6 19. Rad1 N8c7 20. Be3 Rab8 21. a4 Qb6 22. b3 Na6 23. Bg4 Nb4 24. Qb1 Nc6 25. Bxe6 fxe6 26. f4 Ne7 27. Bf2 d5 28. e5 g5 29. fxg5 Bxe5 30. cxd5 exd5 31. Nf4 Bxf4 32. gxf4 Rf8 33. Rfe1 Qd6 34. Re5 Rxf4 35. Rde1 Rxf2 36. Kxf2 Ng6 37. Re8+ Rxe8 38. Rxe8+ Kf7 39. Qe1 1/2-1/2

[Event "Uljanovsk Privolje op"]
[Site "Uljanovsk"]
[Date "2009.02.02"]
[Round "4"]
[White "Mizinov, Igor"]
[Black "Skatchkov, Pavel"]
[Result "0-1"]
[WhiteElo "2296"]
[BlackElo "2491"]
[PlyCount "94"]
[EventDate "2009.01.31"]
[EventType "swiss"]
[EventRounds "9"]
[EventCountry "RUS"]
[SourceTitle "EXT 2022"]
[Source "ChessBase"]
[SourceDate "2021.10.06"]
[SourceVersion "1"]
[SourceVersionDate "2021.10.06"]
[SourceQuality "1"]

1. d4 d5 2. c4 c6 3. Nf3 Nf6 4. Qc2 dxc4 5. Qxc4 Bf5 6. g3 e6 7. Bg2 Be7 8. 0-0 Nbd7 9. Nc3 0-0 10. Rd1 Bc2 11. e3 Bxd1 12. Nxd1 Rc8 13. Bd2 c5 14. Qe2 Qb6 15. b3 cxd4 16. Nxd4 Bb4 17. Bxb4 Qxb4 18. Nb2 Ne5 19. f4 Nc6 20. Nxc6 bxc6 21. Nc4 Rfd8 22. Ne5 Qc3 23. Rf1 Rd2 24. Qa6 Qxe3+ 25. Kh1 Rcd8 26. Qb7 Qe2 27. Qxf7+ Kh8 28. Rg1 Ng4 29. Nxg4 Qxg4 30. Qc7 Rd1 31. Qxa7 Rxg1+ 32. Kxg1 h6 33. Qe3 Rd1+ 34. Bf1 Qf5 35. a4 Qd5 36. b4 Qc4 37. Qf3 Rc1 38. f5 Qd4+ 39. Kg2 Rc2+ 40. Kh3 Rf2 41. Qd3 Qxd3 42. Bxd3 exf5 43. b5 g5 44. Bxf5 Rxf5 45. b6 Rf2 46. a5 Rb2 47. Kg4 Rb5 0-1

[Event "Uljanovsk"]
[Site "Uljanovsk"]
[Date "2009.01.09"]
[Round "12"]
[White "Mizinov, Igor"]
[Black "Abdurahmanov, Afer"]
[Result "1-0"]
[WhiteElo "2318"]
[BlackElo "1798"]
[PlyCount "103"]
[EventDate "2009.01.02"]
[EventType "tourn"]
[EventRounds "15"]
[EventCountry "RUS"]
[SourceTitle "EXT 2012"]
[Source "ChessBase"]
[SourceDate "2011.11.24"]
[SourceVersion "1"]
[SourceVersionDate "2011.11.24"]
[SourceQuality "1"]

1. d4 d5 2. c4 dxc4 3. e4 e6 4. Bxc4 Nf6 5. Nc3 Bb4 6. Bg5 Be7 7. Nf3 Nc6 8. 0-0 a6 9. a4 b6 10. e5 Nd5 11. Bxe7 Ndxe7 12. d5 Na5 13. Ba2 exd5 14. Nxd5 Be6 15. Nxe7 Qxd1 16. Rfxd1 Kxe7 17. Bxe6 fxe6 18. Rac1 Rac8 19. b4 Nb7 20. Rc6 Nd8 21. Rc4 h6 22. Nh4 Re8 23. Rcd4 c5 24. bxc5 Rxc5 25. Rd7+ Kf8 26. Rxd8 Rxd8 27. Rxd8+ Ke7 28. Rd1 g5 29. Nf3 Ra5 30. Rd4 b5 31. Kf1 Rxa4 32. Rxa4 bxa4 33. Ke2 Kd7 34. Nd4 a3 35. Kd3 a2 36. Nc2 Kc6 37. Kc4 a5 38. f3 a4 39. Na1 h5 40. g3 g4 41. f4 Kb6 42. Kb4 Kc6 43. Kxa4 Kd5 44. Ka3 Ke4 45. Kxa2 Kf3 46. f5 exf5 47. e6 Kg2 48. e7 Kxh2 49. e8Q Kxg3 50. Qxh5 f4 51. Nc2 f3 52. Ne3 1-0

[Event "Uljanovsk"]
[Site "Uljanovsk"]
[Date "2009.01.05"]
[Round "5"]
[White "Galaev, Artem"]
[Black "Mizinov, Igor"]
[Result "0-1"]
[WhiteElo "1677"]
[BlackElo "2318"]
[PlyCount "73"]
[EventDate "2009.01.02"]
[EventType "tourn"]
[EventRounds "15"]
[EventCountry "RUS"]
[SourceTitle "EXT 2012"]
[Source "ChessBase"]
[SourceDate "2011.11.24"]
[SourceVersion "1"]
[SourceVersionDate "2011.11.24"]
[SourceQuality "1"]

1. e4 e6 2. d4 d5 3. Nd2 Nf6 4. e5 Nfd7 5. Bd3 c5 6. c3 Nc6 7. Ne2 cxd4 8. cxd4 f6 9. exf6 Nxf6 10. Nf3 Bd6 11. Bf4 Bxf4 12. Nxf4 0-0 13. 0-0 Ne4 14. Ne2 Rxf3 15. gxf3 Ng5 16. Kh1 Nxf3 17. Ng1 Nfxd4 18. Qh5 h6 19. Nh3 Bd7 20. Rg1 Qf6 21. Rg3 Ne7 22. Rag1 Ndf5 23. Bxf5 Nxf5 24. Rg6 Be8 25. Rxf6 Bxh5 26. Rxf5 exf5 27. Re1 Kf7 28. Kg2 Re8 29. Rc1 g5 30. Rc5 Ke6 31. Rc1 Kd6 32. Ng1 f4 33. f3 Bg6 34. Kf2 Bd3 35. Rd1 Ba6 36. a3 Re7 37. Rd2 0-1

[Event "Uljanovsk Cup op"]
[Site "Uljanovsk"]
[Date "2008.11.22"]
[Round "8"]
[White "Mizinov, Igor"]
[Black "Parfenov, Vladimir"]
[Result "1-0"]
[WhiteElo "2271"]
[BlackElo "2097"]
[PlyCount "95"]
[EventDate "2008.11.15"]
[EventType "swiss"]
[EventRounds "9"]
[EventCountry "RUS"]
[SourceTitle "EXT 2022"]
[Source "ChessBase"]
[SourceDate "2021.10.06"]
[SourceVersion "1"]
[SourceVersionDate "2021.10.06"]
[SourceQuality "1"]

1. e4 e5 2. Nf3 Nc6 3. Bb5 f5 4. d3 d6 5. 0-0 Be7 6. a4 fxe4 7. dxe4 Bg4 8. Nbd2 Nf6 9. h3 Bh5 10. Bc4 Qd7 11. c3 h6 12. a5 Nd8 13. Be2 0-0 14. Nxe5 Qe8 15. Ng4 Bg6 16. Bc4+ Kh8 17. Re1 Nh5 18. e5 Qc6 19. Qa4 d5 20. Bb5 Qe6 21. Bd7 Qf7 22. Nf3 Be4 23. e6 Qg6 24. Nge5 Qf6 25. Rxe4 dxe4 26. Qxe4 g5 27. Ng6+ Kg8 28. Nxf8 Bxf8 29. Be3 Ng7 30. Bd4 Qf5 31. Re1 Qxe4 32. Rxe4 Be7 33. g4 Nc6 34. Bxc6 bxc6 35. Ne5 c5 36. Nc6 Bd6 37. Bxg7 Kxg7 38. Kf1 Kf6 39. Ke2 a6 40. Kd3 h5 41. gxh5 Kf5 42. e7 Re8 43. f3 Kf6 44. Kc4 Kf7 45. h4 gxh4 46. Rxh4 Rh8 47. h6 Ke6 48. e8Q+ 1-0

[Event "Uljanovsk Cup op"]
[Site "Uljanovsk"]
[Date "2008.11.16"]
[Round "2"]
[White "Mizinov, Igor"]
[Black "Olisov, Andrey"]
[Result "1-0"]
[WhiteElo "2271"]
[BlackElo "2048"]
[PlyCount "79"]
[EventDate "2008.11.15"]
[EventType "swiss"]
[EventRounds "9"]
[EventCountry "RUS"]
[SourceTitle "EXT 2022"]
[Source "ChessBase"]
[SourceDate "2021.10.06"]
[SourceVersion "1"]
[SourceVersionDate "2021.10.06"]
[SourceQuality "1"]

1. d4 Nf6 2. c4 g6 3. Nc3 Bg7 4. e4 d6 5. Nf3 0-0 6. h3 Nbd7 7. Be3 e5 8. Be2 Qe7 9. d5 Nh5 10. b4 Nf4 11. Bf1 f5 12. g3 Nf6 13. gxf4 exf4 14. Bd4 Nxe4 15. Ne2 Bh6 16. Bb2 c5 17. dxc6 bxc6 18. Qd4 Rf6 19. Nd2 Bg7 20. Qd3 Re6 21. Bxg7 Qxg7 22. Qd4 Qe7 23. Nxe4 Rxe4 24. Qd3 Be6 25. Rc1 f3 26. Qxf3 Bxc4 27. Kd2 Bd5 28. Qd3 Rxb4 29. Rg1 Be4 30. Qc3 Ra4 31. a3 Rb8 32. Bg2 Qe6 33. Bxe4 Rxe4 34. Rge1 Qd5+ 35. Qd3 Qa5+ 36. Nc3 Qxa3 37. Nxe4 Rb2+ 38. Rc2 Rb3 39. Nf6+ Kf7 40. Qc4+ 1-0

[Event "Uljanovsk Cup op"]
[Site "Uljanovsk"]
[Date "2008.11.15"]
[Round "1"]
[White "Vasiliev, Semen"]
[Black "Mizinov, Igor"]
[Result "0-1"]
[WhiteElo "1703"]
[BlackElo "2271"]
[PlyCount "46"]
[EventDate "2008.11.15"]
[EventType "swiss"]
[EventRounds "9"]
[EventCountry "RUS"]
[SourceTitle "EXT 2022"]
[Source "ChessBase"]
[SourceDate "2021.10.06"]
[SourceVersion "1"]
[SourceVersionDate "2021.10.06"]
[SourceQuality "1"]

1. e4 e6 2. d4 d5 3. e5 c5 4. c3 Qb6 5. Nf3 Nc6 6. a3 a5 7. b3 f6 8. Be3 fxe5 9. Nxe5 Nxe5 10. dxe5 Ne7 11. c4 d4 12. Bd2 Nc6 13. a4 Nxe5 14. Qh5+ Nf7 15. Qd1 Be7 16. Bd3 e5 17. Bc1 0-0 18. Nd2 Nd6 19. Qh5 Bf5 20. Bxf5 Rxf5 21. g4 Rxh5 22. gxh5 e4 23. Nf1 Qxb3 0-1

[Event "Uljanovsk-ch op fin"]
[Site "Uljanovsk"]
[Date "2008.03.16"]
[Round "7"]
[White "Pavlovski, Yaroslav"]
[Black "Mizinov, Igor"]
[Result "0-1"]
[WhiteElo "2257"]
[BlackElo "2246"]
[PlyCount "92"]
[EventDate "2008.03.09"]
[EventType "swiss"]
[EventRounds "9"]
[EventCountry "RUS"]
[SourceTitle "EXT 2022"]
[Source "ChessBase"]
[SourceDate "2021.10.06"]
[SourceVersion "1"]
[SourceVersionDate "2021.10.06"]
[SourceQuality "1"]

1. c4 c6 2. Nf3 d5 3. e3 Nf6 4. Nc3 Bf5 5. cxd5 Nxd5 6. d4 e6 7. Be2 Be7 8. 0-0 0-0 9. Bd2 Nd7 10. Rc1 Rc8 11. Re1 h6 12. Bc4 N7f6 13. Qe2 Nxc3 14. Bxc3 Ne4 15. Red1 Nxc3 16. Rxc3 Be4 17. a3 Bd5 18. Bd3 Bxf3 19. Qxf3 Qb6 20. Qe4 g6 21. Bc4 Bf6 22. Rb3 Qc7 23. h4 h5 24. g4 hxg4 25. h5 gxh5 26. Bd3 Rfd8 27. Qh7+ Kf8 28. Qxh5 Rd5 29. Qh7 Ke7 30. Bg6 Rf8 31. Kg2 Rg5 32. Bh5 Ke8 33. Rh1 Rh8 34. Qxf7+ Qxf7 35. Bxf7+ Kxf7 36. Rxh8 Bxh8 37. Rxb7+ Kg6 38. Rxa7 c5 39. Ra8 Bg7 40. dxc5 Bxb2 41. Rg8+ Kf6 42. Rxg5 Kxg5 43. c6 Be5 44. f4+ gxf3+ 45. Kxf3 Kf5 46. e4+ Kf6 0-1

[Event "Uljanovsk-ch op fin"]
[Site "Uljanovsk"]
[Date "2008.03.15"]
[Round "6"]
[White "Mizinov, Igor"]
[Black "Pirogov, Vyatchslav"]
[Result "1-0"]
[WhiteElo "2246"]
[BlackElo "2357"]
[PlyCount "61"]
[EventDate "2008.03.09"]
[EventType "swiss"]
[EventRounds "9"]
[EventCountry "RUS"]
[SourceTitle "EXT 2022"]
[Source "ChessBase"]
[SourceDate "2021.10.06"]
[SourceVersion "1"]
[SourceVersionDate "2021.10.06"]
[SourceQuality "1"]

1. d4 e6 2. e4 d5 3. exd5 Qxd5 4. Nf3 Nf6 5. Be2 c5 6. Nc3 Qd8 7. 0-0 cxd4 8. Nxd4 a6 9. Bf3 Be7 10. Be3 0-0 11. Qe2 Qc7 12. a4 Nbd7 13. g3 Nb6 14. Rfd1 Nc4 15. Ndb5 axb5 16. Nxb5 Qb8 17. Qxc4 Nd5 18. Bxd5 exd5 19. Qc7 Bf6 20. Bf4 Qxc7 21. Nxc7 Ra7 22. Bd6 Rd8 23. Bc5 b6 24. Bxb6 Rb7 25. a5 Bxb2 26. Rab1 Bg4 27. Rxd5 Rxd5 28. Nxd5 Be5 29. a6 Rb8 30. a7 Re8 31. Bc7 1-0

[Event "Uljanovsk Bagirov Memorial"]
[Site "Uljanovsk"]
[Date "2007.08.23"]
[Round "8"]
[White "Kudriashov, Anatoli"]
[Black "Mizinov, Igor"]
[Result "1/2-1/2"]
[WhiteElo "2304"]
[BlackElo "2244"]
[PlyCount "50"]
[EventDate "2007.08.12"]
[EventType "swiss"]
[EventRounds "9"]
[EventCountry "RUS"]
[SourceTitle "EXT 2009"]
[Source "ChessBase"]
[SourceDate "2008.11.26"]
[SourceVersion "1"]
[SourceVersionDate "2008.11.26"]
[SourceQuality "1"]

1. e4 e5 2. Nf3 Nf6 3. d4 Nxe4 4. Bd3 d5 5. Nxe5 Nd7 6. Nxf7 Qe7 7. Qe2 Qxf7 8. f3 Be7 9. fxe4 dxe4 10. Bxe4 0-0 11. Qf3 Nf6 12. Nc3 Bb4 13. 0-0 Bxc3 14. Qxc3 Nxe4 15. Rxf7 Nxc3 16. Rxf8+ Kxf8 17. bxc3 Be6 18. Bf4 c6 19. a3 Ke7 20. Be5 g6 21. Rf1 Kd7 22. Rf6 Re8 23. h3 Re7 24. Rf8 Re8 25. Rf2 Re7 1/2-1/2

[Event "Uljanovsk Bagirov Memorial"]
[Site "Uljanovsk"]
[Date "2007.08.18"]
[Round "3"]
[White "Mizinov, Igor"]
[Black "Mukhin, Alexander"]
[Result "0-1"]
[WhiteElo "2244"]
[BlackElo "2168"]
[PlyCount "75"]
[EventDate "2007.08.12"]
[EventType "swiss"]
[EventRounds "9"]
[EventCountry "RUS"]
[SourceTitle "EXT 2009"]
[Source "ChessBase"]
[SourceDate "2008.11.26"]
[SourceVersion "1"]
[SourceVersionDate "2008.11.26"]
[SourceQuality "1"]

1. d4 d6 2. e4 Nf6 3. f3 Nbd7 4. Be3 e5 5. Ne2 Be7 6. Nbc3 c6 7. Qd2 Qc7 8. g3 0-0 9. Bg2 b5 10. Nd1 Nb6 11. b3 a5 12. c3 c5 13. 0-0 Rd8 14. d5 a4 15. Nf2 Re8 16. f4 exf4 17. gxf4 Ng4 18. Nxg4 Bxg4 19. Ng3 Bh4 20. Bf2 Qd7 21. f5 Qe7 22. Qf4 h5 23. Qd2 Bg5 24. Be3 Bxe3+ 25. Qxe3 h4 26. h3 hxg3 27. hxg4 Qh4 28. Rf3 axb3 29. Rxg3 Nxd5 30. Qf3 Rxa2 31. Rb1 Nf6 32. Rh3 Qg5 33. Rxb3 Ra1+ 34. Bf1 Nxe4 35. Qe2 Rxf1+ 36. Qxf1 Nd2 37. Qd1 Nxb3 38. Rh5 0-1

[Event "Uljanovsk-ch"]
[Site "Uljanovsk"]
[Date "2007.03.21"]
[Round "10"]
[White "Mizinov, Igor"]
[Black "Alekseev, Evgeni"]
[Result "0-1"]
[WhiteElo "2247"]
[BlackElo "2133"]
[PlyCount "98"]
[EventDate "2007.03.10"]
[EventType "tourn"]
[EventRounds "11"]
[EventCountry "RUS"]
[SourceTitle "EXT 2008"]
[Source "ChessBase"]
[SourceDate "2007.11.25"]
[SourceVersion "1"]
[SourceVersionDate "2007.11.25"]
[SourceQuality "1"]

1. d4 Nf6 2. c4 g6 3. Nf3 Bg7 4. g3 0-0 5. Bg2 c5 6. Nc3 d6 7. 0-0 Nc6 8. d5 Na5 9. Nd2 e5 10. e4 Ng4 11. a3 b6 12. b4 Nb7 13. Nf3 Bd7 14. h3 Nh6 15. Ra2 Qc8 16. bxc5 Nxc5 17. Kh2 f5 18. Nd2 Nf7 19. f3 f4 20. g4 Bf6 21. Rh1 Bh4 22. Bf1 Bg3+ 23. Kg2 h5 24. Be2 h4 25. a4 a5 26. Qc2 Qb7 27. Rb2 Na6 28. Rb1 Rfc8 29. Ba3 Qa7 30. Rhf1 Rc7 31. Qb2 Rb8 32. Nb5 Bxb5 33. cxb5 Nc5 34. Bxc5 Rxc5 35. Rbc1 Rbc8 36. Nb3 R5c7 37. Rc6 Nd8 38. Rfc1 Nxc6 39. dxc6 Re7 40. Bc4+ Kg7 41. Nd2 Rxc6 42. bxc6 b5 43. Nb1 bxc4 44. Rxc4 Rc7 45. Na3 Qe3 46. Nb5 Be1 47. Kf1 Bd2 48. Qa3 Qe1+ 49. Kg2 Be3 0-1

[Event "Uljanovsk-ch"]
[Site "Uljanovsk"]
[Date "2007.03.10"]
[Round "1"]
[White "Mizinov, Igor"]
[Black "Zuev, Aleksandr"]
[Result "1-0"]
[WhiteElo "2247"]
[BlackElo "2094"]
[PlyCount "117"]
[EventDate "2007.03.10"]
[EventType "tourn"]
[EventRounds "11"]
[EventCountry "RUS"]
[SourceTitle "EXT 2008"]
[Source "ChessBase"]
[SourceDate "2007.11.25"]
[SourceVersion "1"]
[SourceVersionDate "2007.11.25"]
[SourceQuality "1"]

1. d4 Nf6 2. c4 e6 3. g3 c5 4. d5 exd5 5. cxd5 d6 6. Nc3 g6 7. Nf3 Bg7 8. Bg2 0-0 9. 0-0 Re8 10. Nd2 b6 11. Nc4 Ba6 12. Qb3 Bxc4 13. Qxc4 a6 14. Qh4 b5 15. Bg5 Nbd7 16. Rae1 b4 17. Ne4 h6 18. Nxf6+ Bxf6 19. Bxf6 Qxf6 20. Qxf6 Nxf6 21. e4 c4 22. f3 Rac8 23. Bh3 Rc5 24. Rc1 Re7 25. Rf2 Nd7 26. Bxd7 Rxd7 27. Rfc2 Rdc7 28. a3 a5 29. axb4 axb4 30. Ra1 c3 31. b3 Kf8 32. Ra6 Rb7 33. Kf2 Ke7 34. Ke3 Rcc7 35. Ra4 Rb6 36. Kd3 g5 37. Ra8 Kf6 38. Rca2 Kg6 39. g4 Kg7 40. Kc2 Rbb7 41. R8a6 Rd7 42. R2a4 Kf8 43. Rc6 Ra7 44. Rxb4 Ra2+ 45. Kxc3 Rf2 46. Rb8+ Ke7 47. Kd4 Rxf3 48. Rc3 Rf4 49. h3 h5 50. gxh5 f5 51. Re3 Rh4 52. Rh8 Rd8 53. Rxd8 Kxd8 54. b4 Rxh5 55. exf5 Rh4+ 56. Re4 Rxh3 57. Rg4 Rh5 58. b5 Kc7 59. Ke4 1-0